| 000 | 00458 a2200169 4500 | ||
|---|---|---|---|
| 020 | _a9788177582062 | ||
| 022 | _a9788177582062 | ||
| 082 | _a8616 | ||
| 090 |
_c6324 _d6324 |
||
| 100 | _aGreer,Charles R. | ||
| 245 |
_aStrategic Human Resource Management. _bA general managerial approach. _cCharles R.Greer. |
||
| 250 | _a2nd. | ||
| 260 |
_aIndia. _bPearson education. _c2001. |
||
| 300 | _a368p. | ||
| 500 | _aPaper Cover. | ||
| 942 |
_aNBS _cBK _k658.3 GRE |
||
| 999 |
_c348690 _d348690 |
||